The dazzling book report / (Record no. 3144)

MARC details
000 -LEADER
fixed length control field 01143cam a22003254a 4500
005 - DATE AND TIME OF LATEST TRANSACTION
control field 20251212140225.0
020 ## - INTERNATIONAL STANDARD BOOK NUMBER
International Standard Book Number 9780061703683 (pbk.)
020 ## - INTERNATIONAL STANDARD BOOK NUMBER
International Standard Book Number 9780061703690 (trade bdg.)
040 ## - CATALOGING SOURCE
Original cataloging agency DLC
Transcribing agency DLC
Modifying agency DLC
Language of cataloging eng
050 00 - LIBRARY OF CONGRESS CALL NUMBER
Classification number PZ7.O222
Item number 2009
082 00 - DEWEY DECIMAL CLASSIFICATION NUMBER
Edition number 813.54
100 1# - MAIN ENTRY--PERSONAL NAME
Personal name O'Connor, Jane
245 10 - TITLE STATEMENT
Title The dazzling book report /
Statement of responsibility, etc. by Jane O'Connor ; picture based on the art of Glasser, Robin Preiss
250 ## - EDITION STATEMENT
Edition statement First Scholastic printing, September 2010
260 ## - PUBLICATION, DISTRIBUTION, ETC.
Place of publication, distribution, etc. New York :
Name of publisher, distributor, etc. Scholastic,
Date of publication, distribution, etc. 2009
300 ## - PHYSICAL DESCRIPTION
Extent 32 pages :
Other physical details color illustrations ;
Dimensions 24 cm.
490 0# - SERIES STATEMENT
Series statement Fancy Nancy
490 0# - SERIES STATEMENT
Series statement I can read
Volume/sequential designation Level 1
505 ## - FORMATTED CONTENTS NOTE
Formatted contents note J <br/>
520 ## - SUMMARY, ETC.
Summary, etc. Nancy is determined to make the cover of her very first book report as fancy as she can, but she spends so much time on it that she has no time to write about the book.
521 ## - TARGET AUDIENCE NOTE
Target audience note 490 <br/>
Source Lexile <br/>
521 ## - TARGET AUDIENCE NOTE
Target audience note J <br/>
Source Raz-Plus <br/>
650 #1 - SUBJECT ADDED ENTRY--TOPICAL TERM
Topical term or geographic name entry element Homework
Form subdivision Fiction
650 #1 - SUBJECT ADDED ENTRY--TOPICAL TERM
Topical term or geographic name entry element Schools
Form subdivision Fiction
650 #1 - SUBJECT ADDED ENTRY--TOPICAL TERM
Topical term or geographic name entry element Vocabulary
Form subdivision Fiction
700 1# - ADDED ENTRY--PERSONAL NAME
Personal name Robin, Preiss-Glasser
906 ## - LOCAL DATA ELEMENT F, LDF (RLIN)
a 7
b cbc
c orignew
d 1
e ecip
f 20
g y-gencatlg
942 ## - ADDED ENTRY ELEMENTS (KOHA)
Source of classification or shelving scheme Dewey Decimal Classification
Koha item type Books
Suppress in OPAC No
999 ## -
-- 3144
-- 3144
Holdings
Withdrawn status Lost status Source of classification or shelving scheme Damaged status Not for loan Collection Home library Current library Shelving location Date acquired Total Checkouts Full call number Barcode Date last seen Date last checked out Copy number Price effective from Koha item type
    Dewey Decimal Classification     Juvenile Fiction Footprints International School Library Network Toul Kork Campus Footprints International School Library Network Toul Kork Campus TK Primary Library Room(4th Floor), Bookcase 1&2, Shelves 1-16, Dark Blue Books 10/17/2024   OCO 813.54 PZ7.O222 2024-2156 10/17/2024   3 10/17/2024 Books
    Dewey Decimal Classification     Juvenile Fiction Footprints International School Library Network Toul Tom Poung Campus Footprints International School Library Network Toul Tom Poung Campus TTP Primary Dark Blue Bookshelves 02/14/2024 1 OCO 813.54 PZ7.O222 FIS02017 07/22/2025 07/14/2025 1 02/14/2024 Books
    Dewey Decimal Classification     Juvenile Fiction Footprints International School Library Network Toul Tom Poung Campus Footprints International School Library Network Toul Tom Poung Campus TTP Primary Dark Blue Bookshelves 02/14/2024 1 OCO 813.54 PZ7.O222 FISTK01218 12/12/2025 11/28/2025 2 02/14/2024 Books